Normal view MARC view

Entry Nombre personal

Number of records used in: 1

001 - NÚMERO DE CONTROL

  • campo de control: 924

003 - IDENTIFICADOR DE NÚMERO DE CONTROL

  • campo de control: DLC

005 - FECHA Y HORA DE LA ÚLTIMA TRANSACCIÓN

  • campo de control: 20260319143650.0

008 - ELEMENTOS DE DATO DE LONGITUD-FIJA

  • campo de control de longitud fija: 800522n| azannaabn |a aaa

010 ## - NÚMERO DE CONTROL DE LA BIBLIOTECA DEL CONGRESO

  • Número de control de LC: n 80034926

035 ## - NÚMERO DE CONTROL DEL SISTEMA

  • Número de control de sistema: (OCoLC)oca00417081

040 ## - FUENTE DE CATALOGACIÓN

  • Centro catalogador/agencia de origen: DLC
  • Lengua de catalogación: eng
  • Normas de descripción: rda
  • Centro/agencia transcriptor: DLC
  • Centro/agencia modificador: DLC
  • Centro/agencia modificador: OCoLC
  • Centro/agencia modificador: DLC
  • Centro/agencia modificador: UPB
  • Centro/agencia modificador: ScU

046 ## - FECHAS CON CODIFICACIÓN ESPECIAL

  • Fecha de nacimiento: 1905-03-09
  • Fecha de la muerte: 1986-06-24
  • Fuente del esquema de fecha: edtf

053 #0 - NÚMERO DE CLASIFICACIÓN LC

  • Número de clasificación–único número o número inicial del rango: PR6045.A78

100 1# - ENCABEZAMIENTO-NOMBRE DE PERSONA

  • Nombre de persona: Warner, Rex,
  • Fechas asociadas al nombre: 1905-1986

370 ## - LUGAR ASOCIADO

  • Lugar de nacimiento: Birmingham (England)
  • Lugar de fallecimiento: Wallingford (England)
  • Fuente del término: naf

372 ## - CAMPO DE ACTIVIDAD

  • Campo de actividad: Canon (Literature)
  • Fuente del término: lcsh

374 ## - OCUPACIÓN

  • Ocupación: Authors
  • Ocupación: Classicists
  • Ocupación: Translators
  • Fuente del término: lcsh

375 ## - GÉNERO/SEXO

  • Género: Males
  • Fuente del término: lcdgt

377 ## - IDIOMA ASOCIADO

  • Código del idioma: eng

400 1# - TRAZADO DE VÉASE--NOMBRE DE PERSONA

  • Nombre de persona: Warner, Reginald Ernest,
  • Fechas asociadas al nombre: 1905-1986

670 ## - FUENTE DE DATOS ENCONTRADOS

  • Cita de la fuente: His The wild goose chase, 1937.

670 ## - FUENTE DE DATOS ENCONTRADOS

  • Cita de la fuente: Caesar, J. War commentaries of Caesar, c1960, 1987:
  • Información encontrada: CIP t.p. (Rex Warner) pub. info (d. 6/24/86)

670 ## - FUENTE DE DATOS ENCONTRADOS

  • Cita de la fuente: Ancestry.com, 11 March 2011
  • Información encontrada: (Reginald Ernest Warner; b. 9 Mar 1905; d. Jun 1986 - Wallingford, Berkshire, Oxfordshire, England)

670 ## - FUENTE DE DATOS ENCONTRADOS

  • Cita de la fuente: Wikipedia, 25 March 2011
  • Información encontrada: (Rex Warner (March 9, 1905 - June 24, 1986) was an English classicist, writer and translator; He was born Reginald Ernest Warner in Birmingham, England)